Nástroje účtovníctva vo vzťahu k manažmentu rizík

Podnikateľské riziko ako súčasť trhovej ekonomiky. Faktory ovplyvňujúce vznik a pôsobenie rizika na podnik. Druhy rizík. Manažment rizík ako nástroj znižovania podnikateľského rizika. Nástroje účtovníctva ako prostriedok manažmentu rizík: rezervy, opravné položky, účtovné odpisy.

Salvato in:
Dettagli Bibliografici
Autore principale: Zeleníková, Katarína
Natura: Capitolo di libro
Lingua:slovacco
Soggetti:
Tags: Aggiungi Tag
Nessun Tag, puoi essere il primo ad aggiungerne!!

MARC

LEADER 00000nla$a2200000$$$4500
001 0111858
005 20240502072235.7
041 0 |a slo 
044 |a SK 
245 1 0 |a Nástroje účtovníctva vo vzťahu k manažmentu rizík  |c Katarína Zeleníková 
520 |a Podnikateľské riziko ako súčasť trhovej ekonomiky. Faktory ovplyvňujúce vznik a pôsobenie rizika na podnik. Druhy rizík. Manažment rizík ako nástroj znižovania podnikateľského rizika. Nástroje účtovníctva ako prostriedok manažmentu rizík: rezervy, opravné položky, účtovné odpisy. 
610 2 0 |a účtovníctvo 
610 2 0 |a rezervy 
610 2 0 |a odpisy účtovné 
610 2 0 |a položky opravné 
610 2 0 |a riadenie rizík 
610 2 0 |a riziko podnikateľské 
610 2 0 |a legislatíva 
100 1 |a Zeleníková, Katarína